Statistics for Pixar Movies

Click here to take the quiz!

General Stats

  • This quiz has been taken 73 times
  • The average score is 12 of 14

Answer Stats

YearMovie% Correct
1995Toy Story
100%
1999Toy Story 2
97%
2010Toy Story 3
97%
2003Finding Nemo
89%
2006Cars
85%
2009Up
84%
2011Cars 2
82%
2001Monsters, Inc.
80%
2008WALL-E
80%
1998A Bug's Life
79%
2012Brave
75%
2004The Incredibles
72%
2013Monsters University
66%
2007Ratatouille
66%

Score Distribution

Percentile by Number Answered

Percent of People with Each Score

Your Score History

You have not taken this quiz